000 00252nam a2200097Ia 4500
001 1253563
005 20251031150956.0
008 251031s9999 xx 000 0 und d
245 0 _cKEMAL RAMAZAN HAYKIRAN
_aY-7 GAZİ UMUR BEY
260 _bERDEM YAYINLARI
999 _c1253563
_d1253563